Miasta według województw - zaznaczanie pól - Statystyki

Ogólne statystyki
  • Ten quiz został rozwiązany 38 razy
  • Średni wynik to 54 z 72
Statystyki odpowiedzi
Zagadnienie Komórka Select % Poprawnych
miasta leżące w województwie Zachodniopomorskim. Nakło nad Notecią Nie
97%
miasta leżące w województwie Zachodniopomorskim. Piła Nie
97%
miasta leżące w województwie Zachodniopomorskim. Świnoujście Tak
97%
miasta leżące w województwie Lubelskim Chełm Tak
94%
miasta leżące w województwie Małopolskim. Jędrzejów Nie
94%
miasta leżące w województwie Zachodniopomorskim. Chodzież Nie
91%
miasta leżące w województwie Zachodniopomorskim. Chojnice Nie
91%
miasta leżące w województwie Małopolskim. Nowy Targ Tak
91%
miasta leżące w województwie Małopolskim. Wieliczka Tak
91%
miasta leżące w województwie Małopolskim. Zawiercie Nie
91%
miasta leżące w województwie Kujawsko-Pomorskim Człuchów Nie
88%
miasta leżące w województwie Zachodniopomorskim. Gryfino Tak
88%
miasta leżące w województwie Zachodniopomorskim. Kołobrzeg Tak
88%
miasta leżące w województwie Małopolskim. Nowy Sącz Tak
88%
miasta leżące w województwie Podkarpackim Sanok Tak
88%
miasta leżące w województwie Zachodniopomorskim. Słupsk Nie
88%
miasta leżące w województwie Kujawsko-Pomorskim Włocławek Tak
88%
miasta leżące w województwie Małopolskim. Dębica Nie
85%
miasta leżące w województwie Wielkopolskim Gniezno Tak
85%
miasta leżące w województwie Wielkopolskim Konin Tak
85%
miasta leżące w województwie Podkarpackim Krynica-Zdrój Nie
85%
miasta leżące w województwie Podkarpackim Sandomierz Nie
85%
miasta leżące w województwie Lubelskim Siedlce Nie
85%
miasta leżące w województwie Podkarpackim Biłgoraj Nie
82%
miasta leżące w województwie Wielkopolskim Chociebuż Nie
82%
miasta leżące w województwie Lubuskim Głogów Nie
82%
miasta leżące w województwie Opolskim Krotoszyn Nie
82%
miasta leżące w województwie Kujawsko-Pomorskim Płock Nie
82%
miasta leżące w województwie Lubelskim Włodzimierz Nie
82%
miasta leżące w województwie Lubuskim Bolesławiec Nie
79%
miasta leżące w województwie Kujawsko-Pomorskim Iława Nie
79%
miasta leżące w województwie Opolskim Karniów Nie
79%
miasta leżące w województwie Opolskim Kędzierzyn-Koźle Tak
79%
miasta leżące w województwie Lubelskim Kraśnik Tak
79%
miasta leżące w województwie Kujawsko-Pomorskim Kwidzyń Nie
79%
miasta leżące w województwie Lubelskim Łańcut Nie
79%
miasta leżące w województwie Małopolskim. Limanowa Tak
79%
miasta leżące w województwie Podkarpackim Mielec Tak
79%
miasta leżące w województwie Lubuskim Nowa Sól Tak
79%
miasta leżące w województwie Lubuskim Wałcz Nie
79%
miasta leżące w województwie Wielkopolskim Wieluń Nie
79%
miasta leżące w województwie Zachodniopomorskim. Mielno Tak
76%
miasta leżące w województwie Opolskim Racibórz Nie
76%
miasta leżące w województwie Lubuskim Wolsztyn Nie
76%
miasta leżące w województwie Wielkopolskim Żnin Nie
76%
miasta leżące w województwie Lubelskim Bielsk Podlaski Nie
70%
miasta leżące w województwie Podkarpackim Jaworów Nie
70%
miasta leżące w województwie Małopolskim. Myślenice Tak
70%
miasta leżące w województwie Wielkopolskim Wschowa Nie
70%
miasta leżące w województwie Lubuskim Żagań Tak
70%
miasta leżące w województwie Lubuskim Drezdenko Tak
67%
miasta leżące w województwie Opolskim Głuchołazy Tak
67%
miasta leżące w województwie Opolskim Namysłów Tak
67%
miasta leżące w województwie Małopolskim. Olkusz Tak
67%
miasta leżące w województwie Lubuskim Świdnica Nie
67%
miasta leżące w województwie Kujawsko-Pomorskim Tuchola Tak
67%
miasta leżące w województwie Kujawsko-Pomorskim Ciechocinek Tak
64%
miasta leżące w województwie Lubelskim Dęblin Tak
64%
miasta leżące w województwie Lubuskim Gubin Tak
64%
miasta leżące w województwie Kujawsko-Pomorskim Lipno Tak
64%
miasta leżące w województwie Opolskim Oława Nie
61%
miasta leżące w województwie Wielkopolskim Rawicz Tak
61%
miasta leżące w województwie Lubelskim Łuków Tak
58%
miasta leżące w województwie Podkarpackim Nisko Tak
58%
miasta leżące w województwie Opolskim Paczków Tak
55%
miasta leżące w województwie Kujawsko-Pomorskim Mogilno Tak
52%
miasta leżące w województwie Wielkopolskim Pleszew Tak
52%
miasta leżące w województwie Podkarpackim Lubaczów Tak
48%
miasta leżące w województwie Podkarpackim Boguchwała Tak
45%
miasta leżące w województwie Wielkopolskim Luboń Tak
45%
miasta leżące w województwie Opolskim Kietrz Tak
42%
miasta leżące w województwie Lubelskim Józefów nad Wisłą Tak
36%
Nie znaleziono quizów pasujących do podanych kryteriów
Rozkład punktacji
Procent ludzi z każdym wynikiem
Percentyl według liczby udzielonych odpowiedzi
Twoja historia wyników
Nie rozwiązałeś tego quizu